000 01909nam a2200337 i 4500
001 12877983
003 CO-MdFUSB
005 20240726160702.0
007 ta
008 851206t19671965nyu b 001 | eng d
020 _a9780060689292
040 _aNCA
_beng
_cCO-MdFUSB
_dCO-MdFUSB
_erda
041 1 _aeng
082 _223
_a224
_bG368m
100 1 _aRad, Gerhard von,
_eautor
240 1 0 _aBotschaft der Propheten.
245 1 4 _aThe message of the prophets /
_cGerhard von Rad ; traducido por D.M.G Stalker
264 1 _aNew York , Estados Unidos :
_bHarper and Row,
_c[1985]
264 4 _c©1965
300 _a289 páginas ;
_c21 cm.
336 _atexto
_btxt
_2rdacontent.
337 _asin mediación
_bn
_2rdamedia.
338 _avolumen
_bnc
_2rdacarrier.
505 _aIntroducción -- Las tradiciones de los profetas -- El llamado de los profetas y la recepción de la revelación -- La libertad de los profetas -- La concepción de los profetas de la palabra de Dios -- Los orígenes del pensamiento hebreo sobre la historia -- Historia relacionada con la escatología en los profetas -- El día de Yahvé -- 'El mensaje' de los profetas -- Amós -- Oseas -- Isaías y Miqueas -- El nuevo elemento en la profecía del siglo VIII -- La transición a la era babilónica: Nahum, Habacuc y Sofonías -- Jeremías -- Ezequiel -- Deutero-Isaías -- Los nuevos elementos en la profecía en el período babilónico y persa temprano -- Los profetas del período persa posterior: Trito-Isaías, Haggi, Zacarías, Malaquías y Jonás -- Las profecías de la Nueva Jerusalén -- La palabra profética y la historia: retrospectiva -- Apocalíptico -- Daniel -- El libro de la expectativa.
563 _aRustico
630 0 7 _aBiblia.
_pProfetas
_xCrítica, interpretación, etc.
700 _93603
_aStalker, D. M. G.
_etraductor
942 _cBK
945 _aMag1104
999 _c68973
_d68973